| 000 | 01669nam a22004337a 4500 | ||
|---|---|---|---|
| 001 | BRCA_9324 | ||
| 003 | FranzMayer | ||
| 005 | 20230918120203.0 | ||
| 008 | 230823b |||||||| |||| 00| 0 eng d | ||
| 022 | _29701882121 | ||
| 040 |
_aMFM _besp _cMFM |
||
| 050 | 0 |
_aHD8039.M6 _b.K37 2004 |
|
| 100 | 1 |
_4Autor _aKartofel, Graciela _929106 |
|
| 240 |
_aSiete mundos. Cerámica veracruzana. _hSeven Worlds. Veracruz Ceramics _lEspañol/Inglés |
||
| 245 | 0 |
_aSiete mundos. Cerámica veracruzana. _bSeven Worlds. Veracruz Ceramics |
|
| 260 |
_aVeracruz, México _bInstituto Veracruzano de Cultura _c2004 |
||
| 300 |
_a143 p. _bIlustraciones a color _c22 cm |
||
| 500 | _aAnexo 1 | ||
| 505 | _aTexto en: español e inglésIncluye índice temáticoDirigido a: artistas | ||
| 650 | 1 |
_2Industrias _aArtes industriales _vCerámica _929107 |
|
| 651 | 2 |
_2Minerales mexicanos _aCerámica mexicana _vVeracruz _929108 |
|
| 700 | 1 |
_4Autor _aRodríguez, Prampolini, Ida. _929109 |
|
| 700 | 1 |
_4Col. _aAnaya, Leonor _929110 |
|
| 700 | 1 |
_4Col. _aÁvila, Alfonso _929111 |
|
| 700 | 1 |
_4Col. _aBautista Rojo, Joel _929112 |
|
| 700 | 1 |
_4Col. _aCházaro, Margarita _929113 |
|
| 700 | 1 |
_4Col. _aMéndez, Constantino _929114 |
|
| 700 | 1 |
_4Col. _aMendoza, Artemio _929115 |
|
| 700 | 1 |
_4Col. _aNaveda, Elsa _929116 |
|
| 700 | 1 |
_4Col. _aOvalle, Marta _929117 |
|
| 700 | 1 |
_4Col. _aOwen, Tómas _929118 |
|
| 700 | 1 |
_4Col. _aPérez, Gustavo _929119 |
|
| 700 | 1 |
_4Col. _aRodríguez, Maite _929120 |
|
| 700 | 1 |
_4Col. _aRomo, Viviana _929121 |
|
| 700 | 1 |
_4Col. _aSagaón, Rocío _929122 |
|
| 700 | 1 |
_4Col. _aSandoval, Valentina _929123 |
|
| 700 | 1 |
_4Col. _aVinaver, Georges _929124 |
|
| 942 |
_2lcc _cB |
||
| 999 |
_c10946 _d10946 |
||